Raven-Symoné Filmography - Statistics

General Stats
  • This quiz has been taken 53 times
    3 since last reset
  • The average score is 5 of 158
Answer Stats
Type Year Name % Correct
TV Show 2017-2023 Raven's Home
100%
TV Show 2003-2007 That's So Raven
100%
TV Show 1989-1992 The Cosby Show
100%
TV Film 2003 The Cheetah Girls
67%
TV Show 2016 RuPaul's Drag Race All Stars
33%
TV Film 2006 The Cheetah Girls 2
33%
TV Film 1999 Zenon: Girl of the 21st Century
33%
TV Film 2004 Zenon: Z3
33%
TV Show 2019-2025 25 Words or Less
0%
TV Show 2022 A Black Lady Sketch Show
0%
TV Show 1989 A Different World
0%
Film 2015 A Girl Like Grace
0%
TV Mini-Series 1993 Alex Haley's Queen
0%
TV Show 2008 American Dad!
0%
TV Show 2003 America's Funniest Home Videos
0%
Theater 2000 A Mother's Prayer
0%
TV Special 2009 An Evening of Stars: Tribute to Patti LaBelle
0%
Film 2017 Animal Crackers
0%
TV Show 2017, 2018 Animals
0%
TV Show 2018-2025 Big City Greens
0%
Film 2024 Big City Greens the Movie: Spacecation
0%
TV Show 1995 Bill Nye the Science Guy
0%
TV Special 2010 Black Girls Rock!
0%
TV Show 2015-2020 Black-ish
0%
TV Film 1993 Blindsided
0%
TV Show 2020 Bunk'd
0%
Documentary 2022 Call Me Miss Cleo
0%
Web Series 2021 Cardi Tries
0%
TV Show 2008, 2020 Celebrity Family Feud
0%
TV Show 2020, 2021 Celebrity Game Face
0%
TV Show 2014, 2015 Celebrity Name Game
0%
TV Show 2017, 2020 Celebrity Page
0%
TV Show 2020 Celebrity Watch Party
0%
TV Show 2022 Celebrity Wheel of Fortune
0%
Web Series 2022 Charli vs. Dixie
0%
Documentary 2024 Child Star
0%
Film 2008 College Road Trip
0%
TV Special 1990 Comic Relief IV
0%
TV Show 2007 Cory in the House
0%
TV Special 2005, 2006 Dear Santa
0%
Documentary Series 2004-2005 Disney 411
0%
TV Special 2019 Disney Hall of Villains
0%
TV Special 2020 Disney Holiday Magical Quest
0%
Concert Film 2005 Disneymania in Concert
0%
TV Special 2017 Disney Parks Presents: A Disney Channel Holiday Celebration
0%
Film 1998 Dr. Dolittle
0%
Film 2001 Dr. Dolittle 2
0%
TV Show 2019 Drop the Mic
0%
TV Show 2018 Drunk History
0%
Web Series 2020 Earth to Ned
0%
TV Show 2015 Empire
0%
Documentary Series 2001 E! True Hollywood Story
0%
TV Show 2020 Ever After with Jaleel White
0%
Film 2006 Everyone's Hero
0%
TV Show 2002-2003 Express Yourself
0%
TV Show 2010 Extreme Makeover: Home Edition
0%
TV Short 2021 Far from Raven's Home
0%
Film 2004 Fat Albert
0%
TV Show 2004 Fillmore!
0%
Short Film 2017 Flying Monkey Lament 1
0%
TV Special 2005 Food Network Special: Holidays at Walt Disney World Resort
0%
TV Film 2006 For One Night
0%
TV Show 2019 Funny You Should Ask
0%
Documentary 2009 Good Hair
0%
TV Show 2019 Guardians of the Galaxy
0%
TV Show 1993-1997 Hangin' with Mr. Cooper
0%
TV Show 1997, 2000 Happily Ever After: Fairy Tales for Every Child
0%
Short Film 2010 Hey Jenny
0%
TV Show 2005 Higglytown Heroes
0%
TV Special 2019 Holidays Unwrapped: A Disney Channel Music Event
0%
TV Show 2020 Holiday Wars
0%
TV Show 2016 Hollywood Game Night
0%
TV Show 2022 I Can See Your Voice
0%
Documentary Mini-Series 2002 I Love the 80's
0%
TV Special 1994 Jerry Lewis MDA Labor Day Telethon
0%
TV Show 2019 Just Roll with It
0%
TV Show 2015 K.C. Undercover
0%
TV Show 1994 Kidsongs
0%
TV Show 2002-2007 Kim Possible
0%
TV Film 2003 Kim Possible: A Stitch in Time
0%
TV Film 2005 Kim Possible Movie: So the Drama
0%
Web Series 2024 Live from the Other Side with Tyler Henry
0%
TV Show 2005 MADtv
0%
Web Series 2017 Master of None
0%
TV Show 2019, 2020 Match Game
0%
Film 2020 Mighty Oak
0%
TV Special 2004 Motown 45
0%
TV Show 2004 Movie Surfers
0%
TV Special 1992 Muhammad Ali's 50th Birthday Celebration
0%
TV Show 2001 My Wife and Kids
0%
TV Show 2016 Nashville
0%
TV Special 2002 NBC 75th Anniversary Special
0%
TV Special 1990 Night of 100 Stars III
0%
TV Show 2007 Phenomenon
0%
TV Show 2023-2024 Pictionary
0%
TV Short 2013 Pixie Hollow Bake Off
0%
TV Short 2011 Pixie Hollow Games
0%
TV Show 2011 PrankStars
0%
Director 2023 Pretty Freekin Scary
0%
TV Special 2009 Progressive Skating and Gymnastics Spectacular
0%
TV Show 2010 Project Runway
0%
TV Show 2005 Punk'd
0%
Film TBA Quarter
0%
TV Show 2019, 2020 Random Rings
0%
Short Film 2006 Raven's Postcards from Spain
0%
TV Film 2010 Revenge of the Bridesmaids
0%
TV Show 2011 Rocco's Dinner Party
0%
TV Show 2011 RuPaul's Drag U
0%
Web Special 2023 Schoolhouse Rock! 50th Anniversary Singalong
0%
TV Show 2024-Present Scrabble
0%
Film 2012 Secret of the Wings
0%
TV Show 2013 See Dad Run
0%
TV Show 1992 Showtime at the Apollo
0%
Theater 2012 Sister Act
0%
TV Show 2010 Sonny with a Chance
0%
TV Show 1993 Soul Train
0%
TV Show 1997 Space Ghost Coast to Coast
0%
TV Show 2003 Star Search
0%
TV Special 2006 Stars of the Rodeo
0%
TV Show 2011 State of Georgia
0%
Documentary Mini-Series 2021 Superstar
0%
Director 2020 Sydney to the Max
0%
Podcast 2023 The Best Podcast Ever with Raven and Miranda
0%
TV Show 2020 The Bold Type
0%
TV Short 1990 The Chipmunks: Rockin' Through the Decades
0%
TV Documentary 2002 The Cosby Show: A Look Back
0%
TV Special 2020 The Disney Family Singalong
0%
TV Special 1990 The Earth Day Special
0%
TV Show 2023 The Eric Andre Show
0%
TV Show 1992 The Fresh Prince of Bel-Air
0%
TV Show 2016 The Jim Gaffigan Show
0%
TV Show 1994 The Kidsongs Television Show
0%
TV Show 2015 The Kitchen
0%
Film 1994 The Little Rascals
0%
TV Show 2019, 2024 The Masked Singer
0%
Director 2024 The Ms. Pat Show
0%
TV Special 1990 The Muppets at Walt Disney World
0%
TV Special 2003 The Nick at Nite Holiday Special
0%
Film 2014 The Pirate Fairy
0%
Film 2004 The Princess Diaries 2: Royal Engagement
0%
TV Show 2001 The Proud Family
0%
TV Show 2007 The Suite Life of Zack & Cody
0%
TV Show 1991 The Tonight Show Starring Johnny Carson
0%
TV Show 2015-2016 The View
0%
TV Show 2022 The Wheel
0%
Film 2008 Tinker Bell
0%
Film 2010 Tinker Bell and the Great Fairy Rescue
0%
Film 2015 Tinker Bell and the Legend of the NeverBeast
0%
Film 2009 Tinker Bell and the Lost Treasure
0%
TV Show 2004, 2006 Total Request Live
0%
TV Show 2020 To Tell the Truth
0%
Documentary Series 2021 Uncensored
0%
Documentary Series 2000 VH1 Where Are They Now?
0%
Documentary Mini-Series 2020 Visible: Out on Television
0%
Film 2025 War Dawgz
0%
TV Show 2002 Weakest Link
0%
TV Show 2021 What Not to Design
0%
TV Show 1993 Xuxa
0%
No matching quizzes found
Score Distribution
Percent of People with Each Score
Percentile by Number Answered
Your Score History
You have not taken this quiz since the last reset